Przeciwnicy polskich klubów w europejskich pucharach w sezonie 22/23 - Statystyki

Ogólne statystyki
  • Ten quiz został rozwiązany 38 razy
    4 od ostatniego zresetowania
  • Średni wynik to 9 z 17
Statystyki odpowiedzi
Faza Klub Kraj Przeciwnik Wyniki (D/W) % Poprawnych
Ćwierćfinał LKE Lech Poznań Włochy ACF Fiorentina 1:4 / 2:3
100%
1 Runda LM Lech Poznań Azerbejdżan Qarabağ FK 1:0 / 1:5
100%
3 Runda LKE Lech Poznań Islandia Víkingur Reykjavík 4:1 / 0:1
100%
1,6 Kolejka LKE Lech Poznań Hiszpania Villarreal CF 3:0 / 3:4
100%
2,5 Kolejka LKE Lech Poznań Austria Austria Wiedeń 4:1 / 1:1
67%
⅛ finału LKE Lech Poznań Szwecja Djurgårdens IF 2:0 / 3:0
67%
3,4 Kolejka LKE Lech Poznań Izrael Hapoel Beer Szewa 0:0 / 1:1
67%
Play-off LKE Raków Częstochowa Czechy Slavia Praga 2:1 / 0:2
67%
3 Runda LKE Raków Częstochowa Słowacja Spartak Trnawa 1:0 / 2:0
67%
2 Runda LKE Pogoń Szczecin Dania Brøndby IF 1:1 / 0:4
33%
Play-off LKE Lech Poznań Luksemburg F91 Dudelange 2:0 / 1:1
33%
2 Runda LKE Raków Częstochowa Kazachstan FK Astana 5:0 / 1:0
33%
Play-offy LKE Lech Poznań Norwegia FK Bodø/Glimt 1:0 / 0:0
33%
2 Runda LKE Lechia Gdańsk Austria Rapid Wiedeń 1:2 / 0:0
33%
1 Runda LKE Lechia Gdansk Macedonia Północna Akademija Pandew 4:1 / 2:1
0%
2 Runda LKE Lech Poznań Gruzja Dinamo Batumi 5:0 / 1:1
0%
1 Runda LKE Pogoń Szczecin Islandia Knattspyrnufélag Reykjavíkur 4:1 / 0:1
0%
Nie znaleziono quizów pasujących do podanych kryteriów
Rozkład punktacji
Procent ludzi z każdym wynikiem
Percentyl według liczby udzielonych odpowiedzi
Twoja historia wyników
Nie rozwiązałeś tego quizu od ostatniego zresetowania